Olympics medal table - Badminton - Statistics

General Stats
  • This quiz has been taken 41 times
  • The average score is 10 of 12
Answer Stats
Total Gold Silver Bronze Nation % Correct
47 20 12 15 China
100%
3 0 1 2 India
95%
4 1 1 2 Japan
95%
20 6 7 7 South Korea
95%
3 0 1 2 Great Britain
87%
9 2 3 4 Denmark
82%
21 8 6 7 Indonesia
82%
9 0 6 3 Malaysia
76%
1 1 0 0 Spain
74%
2 1 1 0 Taiwan
71%
1 0 0 1 Russia
66%
1 0 1 0 Netherlands
45%
No matching quizzes found
Score Distribution
Percent of People with Each Score
Percentile by Number Answered
Your Score History
You have not taken this quiz